LEADER 01434nam a2200325 i 4500 001 000000150985 003 CaOOAMICUS 005 20060712000000.0 008 060712s2005 it u000 u ita u 013 $a128323 020 $a88-420-7495-0 040 $aSeMil$bita 100 1 $aHabermas, Jürgen,$d<1929- >.$0(OLS)http://semarc/name/3650 240 14$aDer gespaltene Westen.$0(OLS)http://semarc/title/220695 245 12$aL'occidente diviso /$cJürgen Habermas ; traduzione di Mario Carpitella. 260 $aRoma ; Bari :$bLaterza,$c2005. 300 $aV, 213 p. ;$c21 cm. 490 0 $aI Robinson. Letture 650 4$aFilosofia politica.$0(OLS)http://semarc/subject/358 650 4$aRelazioni internazionali.$0(OLS)http://semarc/subject/20227 650 4$aStoria - Sec. 21.$0(OLS)http://semarc/subject/29508 650 4$aDiritto internazionale - Costituzionalizzazione.$0(OLS)http://semarc/subject/29509 700 1 $aCarpitella, Mario,$d<1930-2008>.$0(OLS)http://semarc/name/726 830 2$aI Robinson. Letture.$0(OLS)http://semarc/title/10756 850 $aSeMil 852 $aSeMil$W1$xVenegono$y1$m2P IV 601$j103040$B103040$CSeMilBibl$Z2$F112039 $81 961 $aAcquisto: Mescat 996 $6020$a88-420-7495-0$9(OLS)http://semarc/number/140476 996 $6245$aL'occidente diviso$9(OLS)http://semarc/title/220694 996 $6260$aRoma ; Bari :$bLaterza$9(OLS)http://semarc/publisher/30305 LEADER 01037nam a2200229 i 4500 001 000000082660 003 CaOOAMICUS 005 20180308000000.0 008 180308s1962 it u000 u ita u 013 $a54900 040 $aSeMil$bita 100 1 $aBugnini, Annibale,$c.$0(OLS)http://semarc/name/6859 245 10$aLiturgia Viva :$bcommento all'Istruzione della S. C. dei riti sulla musica sacra e la liturgia del 3 Settembre 1958 /$cA. Bugnini. 260 $aMilano :$bÀncora,$ccopyr. 1962. 300 $a479 p. ;$c20 cm. 500 $aContiene : Appendici. 650 4$aMusica sacra.$0(OLS)http://semarc/subject/1556 850 $aSeMil 852 $aSeMil$W1$xVenegono$y1$m3K VI 371$j47511$B47511$CSeMilBibl$Z2$F50259 $81 961 $aRecupero: Seminario di Seveso 996 $6245$aLiturgia Viva :$bcommento all'Istruzione della S. C. dei riti sulla musica sacra e la liturgia del 3 Settembre 1958$9(OLS)http://semarc/title/405173 996 $6260$aMilano :$bÀncora$9(OLS)http://semarc/publisher/29763